[Event "Berlin Lichtenberger op 16th"]
[Site "Berlin"]
[Date "2017.08.27"]
[Round "9"]
[White "Gebert Vangeel, Ralf"]
[Black "Seefeld, Marc"]
[Result "1-0"]
[WhiteElo "2060"]
[BlackElo "1924"]
[PlyCount "55"]
[EventDate "2017.08.19"]
[EventType "swiss"]
[EventRounds "9"]
[EventCountry "GER"]
[SourceTitle "CBM 180 Extra"]
[Source "ChessBase"]
[SourceDate "2017.10.06"]
[SourceVersion "1"]
[SourceVersionDate "2017.10.06"]
[SourceQuality "1"]

1. e4 d6 2. d4 Nf6 3. Nc3 g6 4. f4 c6 5. Nf3 Bg4 6. Be3 Bg7 7. Bd3 Nbd7 8. h3 Bxf3 9. Qxf3 e5 10. 0-0-0 Qa5 11. Kb1 a6 12. Rhe1 b5 13. g4 c5 14. dxe5 dxe5 15. g5 Nh5 16. f5 0-0-0 17. Nd5 Bf8 18. Bd2 b4 19. c3 Nb6 20. cxb4 cxb4 21. Rc1+ Kb8 22. Nc7 Ka7 23. fxg6 fxg6 24. Ne6 Re8 25. Qf7+ Re7 26. Rc7+ Rxc7 27. Qxc7+ Ka8 28. Nd8 1-0

[Event "Berlin-ch QT"]
[Site "Berlin"]
[Date "2017.04.12"]
[Round "4"]
[White "Reck, Jessica"]
[Black "Seefeld, Marc"]
[Result "0-1"]
[WhiteElo "1692"]
[BlackElo "1917"]
[PlyCount "88"]
[EventDate "2017.04.09"]
[EventType "swiss"]
[EventRounds "9"]
[EventCountry "GER"]
[SourceTitle "CBM 189 Extra"]
[Source "ChessBase"]
[SourceDate "2019.06.03"]
[SourceVersion "1"]
[SourceVersionDate "2019.06.03"]
[SourceQuality "1"]

1. e4 d5 2. exd5 Qxd5 3. Nc3 Qa5 4. d4 c6 5. Nf3 Nf6 6. Bd3 Bg4 7. 0-0 e6 8. Bf4 Nbd7 9. Re1 Bb4 10. Bd2 Bxc3 11. Bxc3 Qc7 12. Bd2 0-0 13. c4 c5 14. h3 Bxf3 15. Qxf3 cxd4 16. Bg5 h6 17. Bh4 g5 18. Bg3 Qc6 19. Qe2 Rfe8 20. Be5 Qc5 21. b4 Qxe5 22. Qxe5 Nxe5 23. Rxe5 Nd7 24. Re2 a5 25. Be4 Ra7 26. bxa5 Nc5 27. Rb1 Rxa5 28. Bxb7 Rb8 29. Be4 Rxb1+ 30. Bxb1 Ra4 31. Rc2 d3 32. Rd2 Rxc4 33. Bxd3 Nxd3 34. Rxd3 Rc1+ 35. Kh2 Rc2 36. Rd8+ Kg7 37. Ra8 Rxf2 38. a4 Ra2 39. Kg3 h5 40. Ra5 Kf6 41. Kf3 Ra3+ 42. Ke4 Rg3 43. h4 gxh4 44. Rxh5 Rg4+ 0-1

[Event "Berlin Lichtenberger op 14th"]
[Site "Berlin"]
[Date "2015.08.21"]
[Round "7"]
[White "Seefeld, Marc"]
[Black "Radjenovic, Branko"]
[Result "1-0"]
[WhiteElo "1894"]
[BlackElo "1813"]
[PlyCount "99"]
[EventDate "2015.08.15"]
[EventType "swiss"]
[EventRounds "9"]
[EventCountry "GER"]
[SourceTitle "EXT 2016"]
[Source "ChessBase"]
[SourceDate "2015.10.08"]
[SourceVersion "1"]
[SourceVersionDate "2015.10.08"]
[SourceQuality "1"]

1. d4 Nf6 2. c4 g6 3. Nc3 d5 4. e3 Bg7 5. b3 c6 6. Bd3 Nbd7 7. f4 Qc7 8. Bb2 e6 9. Nf3 0-0 10. 0-0 a6 11. Rc1 Qd8 12. Qe2 Re8 13. Ne5 Qe7 14. c5 Kh8 15. b4 Ng8 16. Rf3 Nf8 17. Rh3 Nh6 18. Na4 f6 19. Nb6 Rb8 20. Nf3 Kg8 21. e4 Nd7 22. Nxd7 Bxd7 23. e5 f5 24. Ng5 Bf8 25. Bc3 Qd8 26. a4 Kg7 27. Rxh6 Kxh6 28. Nf7+ Kg7 29. Nxd8 Rexd8 30. b5 axb5 31. axb5 Be7 32. Ra1 h6 33. b6 Ra8 34. Ra7 Rxa7 35. bxa7 Ra8 36. Qa2 Bd8 37. Kf2 Bc7 38. Ke3 g5 39. fxg5 hxg5 40. g4 Kg6 41. Kf3 Bc8 42. Qa4 Bd7 43. Kg3 Bd8 44. Qa2 Kh6 45. gxf5 exf5 46. e6 Bxe6 47. Qe2 Bc7+ 48. Kg2 Bc8 49. Qe7 Bf4 50. Qf8+ 1-0

[Event "Berlin-ch QT"]
[Site "Berlin"]
[Date "2015.04.09"]
[Round "7"]
[White "Seefeld, Marc"]
[Black "Westphal, Julian"]
[Result "1/2-1/2"]
[WhiteElo "1882"]
[BlackElo "1804"]
[PlyCount "44"]
[EventDate "2015.04.03"]
[EventType "swiss"]
[EventRounds "9"]
[EventCountry "GER"]
[SourceTitle "EXT 2022"]
[Source "ChessBase"]
[SourceDate "2021.10.06"]
[SourceVersion "1"]
[SourceVersionDate "2021.10.06"]
[SourceQuality "1"]

1. d4 d5 2. Nf3 Nf6 3. c4 c6 4. Nc3 e6 5. e3 Nbd7 6. Bd3 dxc4 7. Bxc4 b5 8. Bd3 Bd6 9. 0-0 Bb7 10. Re1 0-0 11. Qc2 a6 12. h3 c5 13. Ne4 Nxe4 14. Bxe4 Bxe4 15. Qxe4 Nf6 16. Qh4 Nd5 17. Qxd8 Rfxd8 18. dxc5 Bxc5 19. Bd2 Kf8 20. a3 Rac8 21. Rac1 b4 22. e4 Nf6 1/2-1/2

[Event "Berlin-ch QT"]
[Site "Berlin"]
[Date "2015.04.08"]
[Round "6"]
[White "Baranowsky, Peter"]
[Black "Seefeld, Marc"]
[Result "1/2-1/2"]
[WhiteElo "2006"]
[BlackElo "1882"]
[PlyCount "37"]
[EventDate "2015.04.03"]
[EventType "swiss"]
[EventRounds "9"]
[EventCountry "GER"]
[SourceTitle "EXT 2022"]
[Source "ChessBase"]
[SourceDate "2021.10.06"]
[SourceVersion "1"]
[SourceVersionDate "2021.10.06"]
[SourceQuality "1"]

1. d4 Nf6 2. Nf3 e6 3. e3 d5 4. Bd3 Be7 5. Nbd2 0-0 6. 0-0 b6 7. Ne5 Bb7 8. b3 Nbd7 9. f4 c5 10. Bb2 Rc8 11. Qe2 Ne4 12. Nxd7 Qxd7 13. Nf3 f6 14. Rad1 Nd6 15. dxc5 bxc5 16. c4 Qc6 17. Qc2 Ne4 18. cxd5 exd5 19. Bxe4 1/2-1/2

[Event "Berlin Lichtenrade op 10th"]
[Site "Berlin"]
[Date "2014.10.18"]
[Round "1"]
[White "Rietze, Clemens"]
[Black "Seefeld, Marc"]
[Result "1-0"]
[WhiteElo "2250"]
[BlackElo "1875"]
[PlyCount "51"]
[EventDate "2014.10.18"]
[EventType "swiss"]
[EventRounds "9"]
[EventCountry "GER"]
[SourceTitle "EXT 2015"]
[Source "ChessBase"]
[SourceDate "2014.11.20"]
[SourceVersion "1"]
[SourceVersionDate "2014.11.20"]
[SourceQuality "1"]

1. d4 Nf6 2. c4 e6 3. Nc3 Bb4 4. Qb3 Bxc3+ 5. Qxc3 d5 6. Nf3 Ne4 7. Qc2 0-0 8. e3 Nd7 9. Bd3 f5 10. b3 c6 11. 0-0 Qe8 12. Ne5 Nxe5 13. dxe5 Qh5 14. f3 Ng5 15. a4 Bd7 16. Ba3 Rf7 17. Be2 Qh6 18. Rad1 Be8 19. e4 dxc4 20. exf5 Rxf5 21. f4 cxb3 22. Qxb3 Nf7 23. Qxb7 Rd8 24. Qe7 g5 25. Rxd8 Nxd8 26. Qxe8+ 1-0